Lois Lane - Portrayals by Picture - Statistics

General Stats
  • This quiz has been taken 8 times
  • The average score is 2 of 40
Answer Stats
Picture Answer % Correct
Amy Adams
50%
Margot Kidder
33%
Teri Hatcher
33%
Dana Delany
17%
Dana Delany
17%
Dana Delany
17%
Erica Durance
17%
Grey DeLisle
17%
Grey DeLisle
17%
Grey DeLisle
17%
Alexis G. Zall
0%
Amy Acker
0%
Anne Heche
0%
Bridget Hoffman / Courtenay Taylor / Cissy Jones
0%
Christina Hendricks
0%
Cindy Robinson
0%
Elizabeth Tulloch
0%
Ginny McSwain
0%
Jenny Powers
0%
Joan Alexander
0%
Joan Alexander
0%
Juliet Landau
0%
Kate Bosworth
0%
Kyra Sedgwick
0%
Laura Bailey
0%
Laura Bailey
0%
Lesley Ann Warren
0%
Maria Bamford
0%
Natalie Morales
0%
Noel Neill
0%
Olivia Wilde
0%
Paget Brewster
0%
Pauley Paulette
0%
Phyllis Coates
0%
Rebecca Romijn
0%
Rebecca Romjin
0%
Shannon Farnon
0%
Sirena Irwin
0%
Stana Katic
0%
Tara Strong
0%
No matching quizzes found
Score Distribution
Percent of People with Each Score
Percentile by Number Answered
Your Score History
You have not taken this quiz